Statistics for Biggest Non Capital City in Every European Country

Click here to take the quiz!

General Stats

  • This quiz has been taken 95 times
  • The average score is 21 of 43

Answer Stats

CountryPopulationCapital% Correct
Italy1.3 mMilan
93%
Germany1.8 mHamburg
90%
Russia5.3 mSt Petersburg
90%
Belgium523,000Antwerp
89%
Spain1.6 mBarcelona
88%
United Kingdom1.1 mBirmingham
86%
France862,000Marseille
86%
Portugal237,000Porto
86%
Netherlands798,000Rotterdam
86%
Ireland208,000Cork
81%
Poland767,000Krakow
81%
Greece806,000Thessaloniki
80%
Norway279,000Bergen
77%
Switzerland200,000Geneva
75%
Croatia167,000Split
74%
Austria286,000Graz
67%
Czech Republic379,000Brno
62%
Denmark273,000Aarhus
57%
Lithuania287,000Kaunas
51%
Serbia232,000Novi Sad
47%
Sweden564,000Gothenburg
43%
Romania325,000Cluj-Napoca
42%
Bulgaria345,000Plovdiv
41%
Hungary202,000Debrecen
38%
Ukraine1.4 mKharkiv
33%
Slovakia239,000Kosice
33%
Albania113,000Durres
32%
Finland279,000Espoo
32%
Bosnia and Herzegovina135,000Banja Luka
31%
Slovenia95,000Maribor
31%
Moldova134,000Tiraspol
30%
Estonia94,000Tartu
27%
Latvia83,000Daugavpils
21%
Liechtenstein6,000Schaan
17%
Luxembourg35,000Esch-sur-Alzette
14%
Belarus535,000Homel
14%
Iceland36,000Kópavogur
9%
Montenegro57,000Nikšić
9%
San Marino7,000Dogana
7%
Kosovo85,000Prizren
7%
North Macedonia73,000Kumanovo
6%
Andorra15,000Escaldes-Engordany
4%
Malta26,000St Paul's Bay
2%

Score Distribution

Percentile by Number Answered

Percent of People with Each Score

Your Score History

You have not taken this quiz